Estadísticas para Traducción colombianismos

Haz click aquí para intentar la prueba.

Estadísticas generales

  • Esta prueba ha sido intentada 16 veces
  • La puntuación promedio es 6 de 12

Estadísticas de respuestas

HintRespuesta% Correcto
bananoplátano
80%
celularmóvil
67%
computadoraordenador
67%
guayaboresaca
67%
cuchamadre
60%
crispetaspalomitas
60%
nichenegro
53%
culiarhacer el amor
33%
apurarsedarse prisa
27%
bebederofuente
27%
fincacasa de campo
13%
mecatogolosinas
0%

Distribución de puntuación

Porcentaje por número respondido

Porcentaje de gente con cada puntuación

Historial de tus puntuaciones

No has intentado esta prueba.